Dio albums - Statistics

General Stats
  • This quiz has been taken 40 times
  • The average score is 7 of 10
Answer Stats
Year Album % Correct
1983 Holy Diver
100%
1984 The Last in Line
86%
1985 Sacred Heart
72%
1987 Dream Evil
69%
1996 Angry Machines
62%
1990 Lock Up the Wolves
62%
2000 Magica
62%
2004 Master of the Moon
62%
2002 Killing the Dragon
59%
1993 Strange Highways
55%
No matching quizzes found
Score Distribution
Percent of People with Each Score
Percentile by Number Answered
Your Score History
You have not taken this quiz